000 00529nam a22001817a 4500
005 20140415123037.0
010 _aENG-109322
020 _a9789350450468
_c150.00
035 _aEN-92855
037 _bDBAD/PUB
082 _a881
245 _aNature songs of Rabindranath Tagore /
_ctranslated by Malati Mukherjee
260 _aKolkata
_bWriters Workshop
_c2013
270 _a162/92 Lake Gardens
_bKolkata
_e700045
300 _a64p.
_c22cm(Hb)
700 _aMukherjee, Malati
942 _2ddc
_cEN
_mNAT
_h881
999 _c82567
_d82567